000 00782nam a22002177a 4500
999 _c120
_d120
003 AR-CdUCM
008 190221b ||||| |||| 00| 0 spa d
040 _aMUNICIPALIDAD PROVINCIAL DEL CUSCO
_cBIBLIOTECA MUNICIPAL DEL CUSCO
082 _a868.69 /
_bV23
100 _aValle-Inclán, Ramón del
_9582
245 _aViva mi dueño /
_cValle-Inclán, Ramón del
260 _aBuenos Aires :
_bLosada,
_c1940.
300 _a183 páginas ;
_c18 cm.
505 _aAlmanaque revolucionario -- Chismosos anuncios -- Alea jacta es -- Los ministros del real despacho -- Proclamada la ley marcial.
650 _aRuedo ibérico.
_9583
650 _aNovelas españolas.
_9584
650 _aContemporanea.
_9585
650 _aMadrid.
_9586
942 _2ddc
_cLIBROS
945 _admma
_d2019-02-21